000093454 001__ 93454 000093454 005__ 20260409111759.0 000093454 0247_ $$2DOI$$a10.5772/6848 000093454 0247_ $$2HSB$$a999910038213 000093454 0247_ $$2ISBN$$a978-953-7619-65-7 000093454 037__ $$aRWTH-CONV-104737 000093454 041__ $$aEnglish 000093454 1001_ $$0P:(DE-82)022306$$aRick, Tobias$$b0 000093454 245__ $$aAccelerating Radio Wave Propagation Algorithms by Implementation on Graphics Hardware$$honline, print 000093454 250__ $$a1. Aufl. 000093454 260__ $$aRijeka$$bINTECH$$c2010 000093454 29510 $$aWave propagation in materials for modern applications / ed. by: Andrey Petrin 000093454 300__ $$a103-122 000093454 3367_ $$0PUB:(DE-HGF)7$$2PUB:(DE-HGF)$$aContribution to a book$$bcontb$$mcontb 000093454 3367_ $$2DRIVER$$abookPart 000093454 3367_ $$2ORCID$$aBOOK_CHAPTER 000093454 3367_ $$07$$2EndNote$$aBook Section 000093454 3367_ $$2BibTeX$$aINBOOK 000093454 3367_ $$2DataCite$$aOutput Types/Book chapter 000093454 591__ $$aGermany 000093454 7001_ $$0P:(DE-82)IDM00462$$aKuhlen, Torsten$$b1 000093454 909CO $$ooai:publications.rwth-aachen.de:93454$$pVDB 000093454 9151_ $$0StatID:(DE-HGF)0031$$2StatID$$aPeer reviewed article 000093454 9201_ $$0I:(DE-82)124170_20140620$$k124170$$lVirtual Reality Group$$x0 000093454 9201_ $$0I:(DE-82)120000_20140620$$k120000$$lFachgruppe Informatik$$x1 000093454 961__ $$c2014-08-12$$x2011-05-22$$z2012-02-20 000093454 970__ $$ahsb999910038213 000093454 980__ $$acontb 000093454 980__ $$aI:(DE-82)124170_20140620 000093454 980__ $$aI:(DE-82)120000_20140620 000093454 980__ $$aVDB 000093454 980__ $$aUNRESTRICTED 000093454 980__ $$aConvertedRecord